[Event "FIDE World Rapid Team"]
[Site "Astana KAZ"]
[Date "2024.08.04"]
[Round "12.7"]
[White "Daniil Dubov"]
[Black "Jingyao Tin"]
[Result "1-0"]
[EventDate "2024.08.02"]
[WhiteElo "2763"]
[BlackElo "2479"]
[PlyCount "148"]

1. d4 d5 2. c4 c6 3. Nf3 Nf6 4. cxd5 cxd5 5. Nc3 Nc6 6. Bf4 Bf5 7. Qb3 Na5 8. Qa4+ Bd7 9. Qd1 e6 10. e3 Bb4 11. Bd3 O-O 12. O-O a6 13. a4 b5 14. axb5 Bxc3 15. bxc3 Bxb5 16. Bg5 Bxd3 17. Qxd3 Qc7 18. Bxf6 gxf6 19. e4 dxe4 20. Qxe4 Nc6 21. d5 exd5 22. Qxd5 Ne5 23. Nd4 Qxc3 24. Qe4 Rfd8 25. Nf5 Qd3 26. Qf4 Kh8 27. Ng3 Qg6 28. Ra5 Rdb8 29. h3 Rb5 30. Rfa1 Rb6 31. Kh2 Re6 32. Rd1 Rg8 33. Rad5 Qg5 34. Qd4 Qg6 35. Rd8 Ree8 36. Rxe8 Rxe8 37. Qa4 Ra8 38. Rd6 a5 39. Qf4 Qg5 40. Qe4 Rb8 41. Nf5 Ng6 42. g3 Nf8 43. h4 Qg6 44. Qf3 Ne6 45. Ra6 Rd8 46. Rxa5 Nd4 47. Qa8 Qg8 48. Qa6 Nxf5 49. Rxf5 Qg7 50. Rxf6 Kg8 51. Qb6 Re8 52. Qc6 Qf8 53. h5 Re5 54. h6 Rg5 55. Qc1 Rg6 56. Qf4 Qe8 57. g4 Qf8 58. g5 Qe8 59. Rf5 Re6 60. Qd4 Qb8+ 61. Kh3 Qf8 62. Rd5 Re8 63. Rd7 Ra8 64. Kg2 Rb8 65. Qf6 Ra8 66. g6 hxg6 67. h7+ Kxh7 68. Rxf7+ Qxf7 69. Qxf7+ Kh6 70. Kg3 Ra1 71. Qf8+ Kh7 72. Qe7+ Kg8 73. Qf6 Rg1+ 74. Kf4 1-0

[Event "FIDE World Rapid Team"]
[Site "Astana KAZ"]
[Date "2024.08.03"]
[Round "6.7"]
[White "Richard Rapport"]
[Black "Daniil Dubov"]
[Result "1/2-1/2"]
[EventDate "2024.08.02"]
[WhiteElo "2748"]
[BlackElo "2763"]
[PlyCount "20"]

1. e4 e5 2. Nf3 Nc6 3. Bb5 a6 4. Ba4 Nf6 5. Nc3 Be7 6. Bxc6 dxc6 7. Qe2 Bd6 8. d3 Qe7 9. Bd2 Be6 10. a3 h6 1/2-1/2

[Event "FIDE World Rapid Team"]
[Site "Astana KAZ"]
[Date "2024.08.03"]
[Round "7.13"]
[White "Daniil Dubov"]
[Black "Javokhir Sindarov"]
[Result "1/2-1/2"]
[EventDate "2024.08.02"]
[WhiteElo "2763"]
[BlackElo "2659"]
[PlyCount "74"]

1. d4 Nf6 2. Nf3 g6 3. c4 Bg7 4. Nc3 O-O 5. e4 d6 6. Be2 e5 7. O-O h6 8. Re1 Nc6 9. d5 Ne7 10. b4 a5 11. bxa5 Rxa5 12. a4 c5 13. Bd2 Ne8 14. Qc1 Kh7 15. Nb5 Ra6 16. Ra3 f5 17. exf5 Nxf5 18. Bd3 Nh4 19. Nxh4 Qxh4 20. g3 Qh5 21. Be2 Bg4 22. Bxg4 Qxg4 23. Kg2 Ra8 24. a5 Qd7 25. Qb1 Nf6 26. Nc3 Rf7 27. Ne4 Nxe4 28. Qxe4 h5 29. Rb1 Bh6 30. Be1 Bg5 31. Rab3 Ra7 32. h4 Bd8 33. Rb5 Qf5 34. f3 Qxe4 35. fxe4 Kg8 36. Bd2 Kf8 37. R1b2 1/2-1/2

[Event "FIDE World Rapid Team"]
[Site "Astana KAZ"]
[Date "2024.08.03"]
[Round "8.13"]
[White "Daniil Dubov"]
[Black "Pawel Teclaf"]
[Result "1/2-1/2"]
[EventDate "2024.08.02"]
[WhiteElo "2763"]
[BlackElo "2499"]
[PlyCount "180"]

1. Nf3 Nf6 2. g3 g6 3. b3 Bg7 4. Bb2 d5 5. c4 c6 6. Bg2 Bg4 7. O-O O-O 8. d3 Nbd7 9. Nbd2 Bxf3 10. Nxf3 Ne8 11. d4 Nd6 12. Qc2 Re8 13. Rfd1 e6 14. Rac1 Rc8 15. e3 Qc7 16. Ne1 Qb8 17. Nd3 Nf5 18. Qe2 h5 19. Rc2 Rcd8 20. a4 Nf6 21. Bc3 Nd7 22. Ba5 Rc8 23. Rdc1 Nd6 24. Bb4 Bf8 25. Ba5 Nf5 26. Bh3 Ba3 27. Ra1 Bd6 28. Be1 Rcd8 29. b4 dxc4 30. Rxc4 a6 31. Rc2 Ne7 32. Rb1 Nd5 33. b5 axb5 34. axb5 cxb5 35. Rxb5 b6 36. Rcb2 Qc7 37. Rc2 Qa7 38. Bg2 Qa6 39. Rcb2 Nc7 40. R5b3 Nd5 41. Bf1 e5 42. dxe5 Nxe5 43. Rb5 Bc7 44. Nxe5 Bxe5 45. R2b3 Qc8 46. Qf3 Qc6 47. Bg2 Qc4 48. Rb1 Nc3 49. Bxc3 Qxc3 50. Rxb6 Re7 51. Bf1 Kg7 52. Rc6 Qd2 53. Rcb6 Rd6 54. Rxd6 Qxd6 55. Rb5 Rc7 56. Rd5 Qf6 57. Qe4 Re7 58. Qd3 Bc7 59. Qc4 Bb6 60. Qb3 Bc7 61. Rd4 Be5 62. Ra4 Rc7 63. Qd1 Qd6 64. Qb1 Qc5 65. Qe4 Qe7 66. Ra8 Rd7 67. Ra2 Bf6 68. Qf3 Ra7 69. Rc2 Rc7 70. Bc4 Qe5 71. Qe2 Qe4 72. f3 Qe5 73. Kg2 Rb7 74. Bd3 Rb2 75. f4 Rxc2 76. Bxc2 Qc3 77. Kf3 Be7 78. Kg2 Bc5 79. e4 Qe3 80. Qd1 Qd4 81. Bd3 h4 82. Qf3 hxg3 83. hxg3 Qe3 84. Qd1 Qf2+ 85. Kh3 Qg1 86. Qf3 Qe3 87. Qf1 Qg1 88. Qf3 Qe3 89. Qd1 Qg1 90. Qf3 1/2-1/2

[Event "FIDE World Rapid Team"]
[Site "Astana KAZ"]
[Date "2024.08.02"]
[Round "1.1"]
[White "Daniil Dubov"]
[Black "Boris Grachev"]
[Result "0-1"]
[EventDate "2024.08.02"]
[WhiteElo "2716"]
[BlackElo "2591"]
[PlyCount "84"]

1. d4 d5 2. c4 e6 3. Nf3 a6 4. g3 dxc4 5. Bg2 Nc6 6. O-O Rb8 7. e4 Nf6 8. Qe2 Be7 9. Rd1 O-O 10. Nc3 b5 11. d5 exd5 12. e5 d4 13. exf6 Bxf6 14. Ne4 Be7 15. Bg5 d3 16. Qd2 Re8 17. Re1 Bf5 18. Rac1 f6 19. Bf4 Bb4 20. Nc3 Qd7 21. h4 h5 22. a3 Ba5 23. Be3 Bh3 24. Bh1 Rbd8 25. Rb1 Bg4 26. b3 Qf5 27. Nh2 Ne5 28. f4 Bxc3 29. Qxc3 d2 30. Bxd2 Nd3 31. Nf1 Nxe1 32. Rxe1 Rxe1 33. Bxe1 Rd3 34. Qb4 Rxb3 35. Qa5 Rb1 36. Ne3 Qd3 37. Ng2 Qxg3 38. Qd2 Qd3 39. Qxd3 cxd3 40. Kf2 d2 41. Bxd2 Rxh1 42. Ke3 0-1

[Event "FIDE World Rapid Team"]
[Site "Astana KAZ"]
[Date "2024.08.02"]
[Round "2.13"]
[White "Arystan Isanzhulov"]
[Black "Daniil Dubov"]
[Result "1/2-1/2"]
[EventDate "2024.08.02"]
[WhiteElo "2440"]
[BlackElo "2763"]
[PlyCount "168"]

1. e4 e5 2. Nf3 Nc6 3. Nc3 Nf6 4. d4 exd4 5. Nxd4 Bb4 6. Nxc6 bxc6 7. Bd3 O-O 8. O-O Re8 9. Qf3 Rb8 10. Be3 Bd6 11. Rab1 a5 12. Bf4 Bxf4 13. Qxf4 d6 14. b3 Nd7 15. Rbd1 Ne5 16. Be2 c5 17. Qd2 Bb7 18. f4 Nd7 19. e5 Nf8 20. exd6 cxd6 21. Bf3 Bxf3 22. Rxf3 Ne6 23. Nd5 Nd4 24. Rf2 Qh4 25. c3 Nf5 26. Re2 Qg4 27. Rde1 Rxe2 28. Rxe2 h5 29. Qd3 h4 30. Re1 Kh8 31. Kf2 Nh6 32. Kg1 Qh5 33. Ne3 h3 34. Qd5 Qg6 35. g3 Re8 36. Kf1 Qf6 37. Qd3 Re6 38. Re2 Qe7 39. Nd5 Qb7 40. c4 Qc6 41. g4 Rxe2 42. Qxe2 Qd7 43. f5 Qd8 44. f6 gxf6 45. Qe3 Kg7 46. Qxh3 a4 47. bxa4 Qa5 48. Qc3 Qxa4 49. Nxf6 Qd1+ 50. Kf2 Kg6 51. h3 Qh1 52. Nh5 Qh2+ 53. Ke1 Qg1+ 54. Ke2 Qg2+ 55. Kd1 Qf1+ 56. Kc2 Qg2+ 57. Kb3 Qb7+ 58. Ka3 Qa8+ 59. Kb2 Qb7+ 60. Qb3 Qe7 61. a4 f5 62. Nf4+ Kg5 63. Nd5 Qe5+ 64. Qc3 fxg4 65. Qxe5+ dxe5 66. hxg4 Nf7 67. a5 Nd6 68. Kb3 Kxg4 69. a6 Nc8 70. Nf6+ Kf5 71. Nd7 e4 72. Kc3 e3 73. Kd3 e2 74. Kxe2 Ke4 75. Nxc5+ Kd4 76. Nb7 Kxc4 77. Nd6+ Kc5 78. Nxc8 Kc6 79. Kd3 Kc7 80. a7 Kb7 81. Kc4 Ka8 82. Kc5 Kb7 83. Kd6 Ka8 84. Kc6 1/2-1/2

[Event "FIDE World Rapid Team"]
[Site "Astana KAZ"]
[Date "2024.08.02"]
[Round "3.1"]
[White "Daniil Dubov"]
[Black "Ediz Gurel"]
[Result "1/2-1/2"]
[EventDate "2024.08.02"]
[WhiteElo "2716"]
[BlackElo "2359"]
[PlyCount "112"]

1. d4 Nf6 2. c4 e6 3. Nf3 d5 4. g3 dxc4 5. Bg2 Nc6 6. O-O Rb8 7. Nc3 b5 8. Ne5 Nxe5 9. dxe5 Nd7 10. Qc2 Bb7 11. Bxb7 Rxb7 12. Rd1 Qc8 13. Ne4 Be7 14. b3 O-O 15. Bg5 Re8 16. bxc4 Nxe5 17. Bxe7 Rxe7 18. cxb5 Qe8 19. a4 h6 20. Rac1 Rb6 21. Qc3 f6 22. Rd2 a6 23. Rcd1 Nf7 24. bxa6 Rxa6 25. a5 Qb5 26. Ra1 Nd6 27. Nc5 Rc6 28. a6 Rxc5 29. Qf3 Nc8 30. Rd8+ Re8 31. Rxe8+ Qxe8 32. a7 Nxa7 33. Rxa7 Qc6 34. Qxc6 Rxc6 35. h4 h5 36. Ra5 e5 37. f4 exf4 38. gxf4 g6 39. Kf2 f5 40. e4 fxe4 41. Ke3 Kf7 42. f5 Rc4 43. fxg6+ Kxg6 44. Rg5+ Kh6 45. Re5 Rc1 46. Re6+ Kh7 47. Re5 Kg6 48. Rg5+ Kh6 49. Kxe4 Rc4+ 50. Kf5 Rxh4 51. Rg6+ Kh7 52. Rc6 Rg4 53. Rxc7+ Rg7 54. Rxg7+ Kxg7 55. Kg5 h4 56. Kxh4 1/2-1/2

[Event "FIDE World Rapid Team"]
[Site "Astana KAZ"]
[Date "2024.08.02"]
[Round "4.7"]
[White "Daniil Dubov"]
[Black "Liren Ding"]
[Result "1/2-1/2"]
[EventDate "2024.08.02"]
[WhiteElo "2763"]
[BlackElo "2775"]
[PlyCount "40"]

1. d4 Nf6 2. Nf3 d5 3. c4 e6 4. g3 Bb4+ 5. Bd2 Be7 6. Bg2 O-O 7. Bf4 Nbd7 8. Qc2 c6 9. Nbd2 b6 10. h4 Bb7 11. e4 dxe4 12. Ng5 c5 13. Ndxe4 Bxe4 14. Nxe4 cxd4 15. Nxf6+ Bxf6 16. Bxa8 Qxa8 17. O-O e5 18. Bg5 Bxg5 19. hxg5 e4 20. Rae1 1/2-1/2

[Event "Shenzhen Masters"]
[Site "Shenzhen CHN"]
[Date "2024.03.06"]
[Round "6.1"]
[White "Xiangyu Xu"]
[Black "Daniil Dubov"]
[Result "1-0"]
[EventDate "?"]
[WhiteElo "2623"]
[BlackElo "2708"]
[PlyCount "92"]

1. d4 Nf6 2. c4 g6 3. f3 d5 4. cxd5 Nxd5 5. e4 Nb6 6. Nc3 Bg7 7. Be3 Nc6 8. d5 Ne5 9. f4 Ng4 10. Bb5+ c6 11. dxc6 O-O 12. Qxd8 Rxd8 13. c7 Rf8 14. Bc5 Bxc3+ 15. bxc3 Bd7 16. Bxd7 Nxd7 17. Bxe7 Rfe8 18. Bd8 Rxe4+ 19. Ne2 Ne3 20. Kd2 Nc4+ 21. Kc2 Rxe2+ 22. Kd3 Re6 23. Kxc4 Rc6+ 24. Kd5 Nb6+ 25. Kd4 Rc8 26. Rab1 Rd6+ 27. Ke4 Na4 28. Kf3 Nc5 29. Rhe1 Re6 30. Rxe6 Nxe6 31. Rxb7 Nxd8 32. cxd8=Q+ Rxd8 33. Ke2 Rc8 34. Kd3 Rd8+ 35. Kc2 Re8 36. c4 Kf8 37. Rxa7 Re2+ 38. Kb3 Rxg2 39. a4 Rxh2 40. a5 Rh1 41. a6 Kg7 42. Rd7 Rb1+ 43. Ka2 Rb8 44. a7 Ra8 45. Kb3 h5 46. Kb4 1-0

[Event "Shenzhen Masters"]
[Site "Shenzhen CHN"]
[Date "2024.03.05"]
[Round "5.4"]
[White "Vladislav Artemiev"]
[Black "Daniil Dubov"]
[Result "1/2-1/2"]
[EventDate "?"]
[WhiteElo "2711"]
[BlackElo "2708"]
[PlyCount "62"]

1. e4 e5 2. Nf3 Nc6 3. Bc4 Nf6 4. d3 Bc5 5. c3 d6 6. O-O a6 7. Re1 O-O 8. h3 Na5 9. b4 Nxc4 10. bxc5 Na5 11. cxd6 cxd6 12. c4 b5 13. cxb5 axb5 14. Bg5 b4 15. Nbd2 Nc6 16. Qc1 Ra6 17. a3 h6 18. Be3 bxa3 19. Rxa3 Rxa3 20. Qxa3 Be6 21. Rc1 Qd7 22. d4 exd4 23. Bxd4 Nxd4 24. Nxd4 Re8 25. Rc6 Qb7 26. Qxd6 Nxe4 27. Nxe4 Qb1+ 28. Kh2 Qxe4 29. Nxe6 Rxe6 30. Qb8+ Re8 31. Rc8 1/2-1/2

[Event "Shenzhen Masters"]
[Site "Shenzhen CHN"]
[Date "2024.03.04"]
[Round "4.2"]
[White "Daniil Dubov"]
[Black "Yu Yangyi"]
[Result "1/2-1/2"]
[EventDate "?"]
[WhiteElo "2708"]
[BlackElo "2720"]
[PlyCount "60"]

1. e4 e5 2. Nf3 Nf6 3. Nxe5 d6 4. Nf3 Nxe4 5. d4 d5 6. Bd3 Nc6 7. O-O Be7 8. Re1 Bf5 9. Nbd2 Nxd2 10. Qxd2 Bxd3 11. Qxd3 O-O 12. c3 Qd7 13. Bd2 Rae8 14. Re3 Bf6 15. Rae1 Rxe3 16. Rxe3 Ne7 17. Re1 Ng6 18. Qe2 Rd8 19. g3 h6 20. h4 Qg4 21. Nh2 Qxe2 22. Rxe2 h5 23. Nf3 Be7 24. Ne5 Nxe5 25. Rxe5 Bf6 26. Re2 Kf8 27. Bf4 c6 28. Be5 Bxe5 29. Rxe5 g6 30. Kg2 f6 1/2-1/2

[Event "Shenzhen Masters"]
[Site "Shenzhen CHN"]
[Date "2024.03.02"]
[Round "3.3"]
[White "Ma Qun"]
[Black "Daniil Dubov"]
[Result "1/2-1/2"]
[EventDate "?"]
[WhiteElo "2651"]
[BlackElo "2708"]
[PlyCount "62"]

1. d4 Nf6 2. c4 e6 3. Nf3 d5 4. Nc3 Bb4 5. Bg5 O-O 6. e3 h6 7. Bxf6 Qxf6 8. Rc1 Nd7 9. Qb3 c5 10. a3 cxd4 11. Qxb4 dxc3 12. Qxc3 dxc4 13. Bxc4 Qxc3+ 14. Rxc3 Nb6 15. Bd3 Bd7 16. Ne5 Rfc8 17. Rxc8+ Rxc8 18. Kd2 Be8 19. Rc1 Rxc1 20. Kxc1 f6 21. Nc4 Nxc4 22. Bxc4 Kf7 23. Kd2 Bc6 24. g3 Ke7 25. f4 Kd6 26. Kc3 b6 27. b4 e5 28. Bb3 Bb7 29. Bc4 Bc6 30. Bb3 Bb7 31. Bc4 1/2-1/2

[Event "Shenzhen Masters"]
[Site "Shenzhen CHN"]
[Date "2024.03.01"]
[Round "2.3"]
[White "Daniil Dubov"]
[Black "Anish Giri"]
[Result "1-0"]
[EventDate "2024.02.29"]
[WhiteElo "2708"]
[BlackElo "2762"]
[PlyCount "80"]

1. d4 Nf6 2. c4 g6 3. Nc3 d5 4. cxd5 Nxd5 5. e4 Nxc3 6. bxc3 Bg7 7. Nf3 c5 8. Bb5+ Nc6 9. O-O O-O 10. Bxc6 bxc6 11. Qc2 cxd4 12. cxd4 Bg4 13. Ne5 Qxd4 14. Bb2 Qb6 15. Rab1 Bxe5 16. Bxe5 Qa5 17. Bc3 Qc5 18. h3 Be6 19. Kh2 Rab8 20. Rbc1 Qc4 21. f4 Qxa2 22. Qd1 Bc4 23. Rf3 f6 24. Qe1 Qe2 25. Qh4 Bd3 26. e5 Be4 27. Rg3 Rb1 28. Rxb1 Bxb1 29. exf6 exf6 30. Bxf6 Qe6 31. Be5 Be4 32. Ra3 Qd7 33. Qf2 Qe7 34. Qe3 Rf7 35. Bb2 Qb4 36. Rb3 Qc4 37. Rb8+ Rf8 38. Qxa7 Qf7 39. Qd4 Qxf4+ 40. g3 1-0

[Event "Shenzhen Masters"]
[Site "Shenzhen CHN"]
[Date "2024.02.29"]
[Round "1.2"]
[White "Bu Xiangzhi"]
[Black "Daniil Dubov"]
[Result "1/2-1/2"]
[EventDate "2024.02.29"]
[WhiteElo "2671"]
[BlackElo "2708"]
[PlyCount "60"]

1. Nf3 d5 2. d4 Nf6 3. e3 e6 4. Bd3 Be7 5. O-O O-O 6. Nbd2 b6 7. e4 dxe4 8. Nxe4 Bb7 9. Nxf6+ Bxf6 10. Qe2 Qd6 11. Rd1 Nd7 12. Be4 Bxe4 13. Qxe4 Qd5 14. Qe2 Qf5 15. Be3 Rfd8 16. Qc4 Qd5 17. Qa6 Ne5 18. Nxe5 Bxe5 19. h3 Bf6 20. c3 Bg5 21. Bxg5 Qxg5 22. Qb7 Qb5 23. Rd2 Qd7 24. Re2 c6 25. Qxd7 Rxd7 26. a4 a5 27. Re5 Kf8 28. Rae1 Rad8 29. f4 Rd5 30. Kf2 Ke7 1/2-1/2

[Event "Friendly blitz match"]
[Site "Moscow"]
[Date "2024.02.24"]
[Round "1"]
[White "Maksim Omariev"]
[Black "Daniil Dubov"]
[Result "1-0"]
[EventDate "2024.02.24"]
[WhiteElo "2268"]
[BlackElo "2795"]
[Source "YouTube"]
[PlyCount "54"]

1. e4 c5 2. Nf3 d6 3. d4 cxd4 4. Nxd4 Nf6 5. Nc3 g6 6. Be3 Bg7 7. f3 O-O 8. Qd2 Nc6 9. g4 Be6 10. Nxe6 fxe6 11. O-O-O Rc8 12. Kb1 Ne5 13. Be2 Nfd7 14. f4 Nc4 15. Bxc4 Rxc4 16. e5 Qa5 17. Ne4 Qb5 18. Ng5 Nc5 19. Bxc5 Rfxf4 20. Ba3 Qxe5 21. h4 Ra4 22. Rhe1 Qb5 23. Nxe6 Rxa3 24. Nxg7 Rfa4 25. c4 Rxc4 26. Rxe7 Rca4 27. Qxd6 1-0

[Event "Friendly blitz match"]
[Site "Moscow"]
[Date "2024.02.24"]
[Round "2"]
[White "Maksim Omariev"]
[Black "Daniil Dubov"]
[Result "0-1"]
[EventDate "2024.02.24"]
[WhiteElo "2268"]
[BlackElo "2795"]
[Source "YouTube"]
[PlyCount "66"]

1. d4 Nf6 2. c4 g6 3. Nc3 Bg7 4. e4 d6 5. f3 O-O 6. Be3 e5 7. Nge2 Nbd7 8. Qd2 a6 9. d5 Nh5 10. g4 Nf4 11. Nxf4 exf4 12. Bxf4 Ne5 13. Be2 b5 14. cxb5 axb5 15. Nxb5 Bd7 16. Nc3 f5 17. exf5 gxf5 18. g5 Ng6 19. h4 Nxf4 20. Qxf4 Qb8 21. Qd2 Qb6 22. f4 Rfe8 23. Kf1 Re3 24. Kg2 Rae8 25. Bf3 Qb4 26. Kg3 h6 27. Rae1 hxg5 28. hxg5 Bd4 29. Qh2 Rxe1 30. Qh7+ Kf8 31. g6 Bg7 32. Rh6 Rg1+ 33. Kh4 Qxf4+ 0-1

[Event "Friendly blitz match"]
[Site "Moscow"]
[Date "2024.02.24"]
[Round "3"]
[White "Daniil Dubov"]
[Black "Maksim Omariev"]
[Result "1/2-1/2"]
[EventDate "2024.02.24"]
[WhiteElo "2795"]
[BlackElo "2268"]
[Source "YouTube"]
[PlyCount "132"]

1. Nf3 d5 2. g3 c6 3. Bg2 Nf6 4. O-O Bf5 5. d3 e6 6. Nbd2 Be7 7. Qe1 h6 8. e4 Bh7 9. Ne5 Nbd7 10. Nxd7 Nxd7 11. f4 O-O 12. g4 a5 13. f5 Nc5 14. Nf3 exf5 15. gxf5 dxe4 16. dxe4 Re8 17. Bf4 Qb6 18. Kh1 Qxb2 19. Be5 Qxc2 20. Nd4 Qd3 21. Rd1 Qa3 22. Rf3 Qa4 23. Rg3 Bg5 24. Bxg7 Kxg7 25. h4 f6 26. hxg5 hxg5 27. Rd2 Rh8 28. Kg1 Bg8 29. e5 Bd5 30. Bxd5 cxd5 31. Ne6+ Nxe6 32. exf6+ Kf8 33. fxe6 Qh4 34. Rdg2 Qd4+ 35. Re3 Re8 36. e7+ Kf7 37. Qd2 Qxd2 38. Rxd2 Kxf6 39. Rf2+ Kg7 40. Re5 Rh6 41. Kg2 d4 42. Kg3 Rg6 43. Kg4 d3 44. a4 b6 45. Re4 Rd6 46. Re5 d2 47. Rxg5+ Rg6 48. Rxd2 Rxg5+ 49. Kxg5 Rxe7 50. Rd6 Re4 51. Rd7+ Kf8 52. Rb7 Rxa4 53. Kf6 Ke8 54. Rxb6 Kd7 55. Ke5 Kc7 56. Rb1 Rb4 57. Rxb4 axb4 58. Kd4 Kb6 59. Kc4 Ka5 60. Kb3 Kb5 61. Kb2 Kc4 62. Kc2 b3+ 63. Kb2 Kb4 64. Kb1 Kc3 65. Ka1 b2+ 66. Kb1 Kb3 1/2-1/2

[Event "World Blitz 2023"]
[Site "Samarkand UZB"]
[Date "2023.12.30"]
[Round "12.3"]
[White "Sarin Nihal"]
[Black "Daniil Dubov"]
[Result "1/2-1/2"]
[EventDate "2023.12.29"]
[WhiteElo "2689"]
[BlackElo "2763"]
[PlyCount "30"]

1. Nf3 Nf6 2. c4 g6 3. b3 Bg7 4. Bb2 O-O 5. g3 b6 6. Bg2 Bb7 7. O-O c5 8. d4 cxd4 9. Qxd4 d6 10. Nc3 Nbd7 11. Qd2 a6 12. Rfd1 b5 13. cxb5 axb5 14. Nd4 Bxg2 15. Kxg2 b4 1/2-1/2

[Event "World Blitz 2023"]
[Site "Samarkand UZB"]
[Date "2023.12.30"]
[Round "13.5"]
[White "Daniil Dubov"]
[Black "M Amin Tabatabaei"]
[Result "1-0"]
[EventDate "2023.12.29"]
[WhiteElo "2763"]
[BlackElo "2573"]
[PlyCount "124"]

1. d4 Nf6 2. c4 e6 3. Nf3 d5 4. g3 Bb4+ 5. Nbd2 O-O 6. Bg2 dxc4 7. Qc2 a5 8. a3 Bxd2+ 9. Bxd2 b5 10. a4 Bb7 11. axb5 Qd5 12. O-O Qxb5 13. Rfc1 Bd5 14. Ne5 Nc6 15. Nxc6 Qxc6 16. f3 Qb6 17. Bc3 c5 18. Rd1 Rfd8 19. dxc5 Qxc5+ 20. Bd4 Qb4 21. Bf1 Qe7 22. e4 e5 23. Bc3 Be6 24. Rxd8+ Qxd8 25. Bxe5 Qb6+ 26. Qf2 Qb5 27. Bc3 Nd7 28. Qd4 f6 29. Qd6 Nf8 30. Rd1 a4 31. Qb4 Qxb4 32. Bxb4 Rb8 33. Bc3 Nd7 34. Rd6 Rb6 35. Rxe6 Rxe6 36. Bxc4 Kf7 37. Kf2 Nb6 38. Bxe6+ Kxe6 39. Ke2 g6 40. Kd3 f5 41. Bd4 Nc8 42. exf5+ gxf5 43. Kc4 Ne7 44. Kb5 Kd5 45. Bf6 Nc8 46. Kxa4 Nd6 47. Kb4 Nc4 48. Kc3 Ne3 49. Kd3 Nc4 50. Bc3 Nd6 51. Ke3 Ke6 52. Kf4 Nc4 53. b4 Nb6 54. Kg5 Nd5 55. Bd2 Nc7 56. Kh6 Nb5 57. Be3 Nd6 58. Kxh7 Kf6 59. Kh6 Nf7+ 60. Kh5 Nd6 61. Bd4+ Ke6 62. Kg6 Kd5 1-0

[Event "World Blitz 2023"]
[Site "Samarkand UZB"]
[Date "2023.12.30"]
[Round "15.3"]
[White "Vachier-Lagrave, Maxime"]
[Black "Daniil Dubov"]
[Result "1/2-1/2"]
[EventDate "2023.12.29"]
[WhiteElo "2748"]
[BlackElo "2763"]
[PlyCount "54"]

1. e4 e5 2. Nf3 Nc6 3. Bb5 a6 4. Ba4 Nf6 5. O-O Be7 6. Re1 b5 7. Bb3 O-O 8. a4 d5 9. axb5 dxe4 10. bxc6 exf3 11. Qxf3 e4 12. Qe3 Ng4 13. Qxe4 Bc5 14. d4 Bxd4 15. Re2 Be6 16. Nd2 Nxf2 17. Rxf2 Re8 18. Qf4 Bxb3 19. cxb3 Re1+ 20. Nf1 Bxf2+ 21. Qxf2 Qd1 22. Bd2 Rxf1+ 23. Qxf1 Qxd2 24. Qf2 Qd5 25. Qc2 Qd4+ 26. Kh1 Rd8 27. h3 Qe3 1/2-1/2

[Event "World Blitz 2023"]
[Site "Samarkand UZB"]
[Date "2023.12.30"]
[Round "16.4"]
[White "Daniil Dubov"]
[Black "Nodirbek Abdusattorov"]
[Result "1-0"]
[EventDate "2023.12.29"]
[WhiteElo "2763"]
[BlackElo "2694"]
[PlyCount "76"]

1. d4 Nf6 2. Bf4 g6 3. Nf3 Bg7 4. Nbd2 d6 5. h3 O-O 6. e4 Nc6 7. c3 e5 8. dxe5 dxe5 9. Be3 Qe7 10. Bc4 h6 11. O-O Nh5 12. b4 Qf6 13. Kh2 Nf4 14. Ng1 Kh7 15. g3 Ne6 16. Ngf3 Rd8 17. Qe2 Nf8 18. a4 Be6 19. Kg2 a6 20. Rfd1 Rd7 21. Nb3 Rxd1 22. Rxd1 b6 23. Nc1 Bxc4 24. Qxc4 Qe6 25. Qxe6 Nxe6 26. Nb3 Kg8 27. Kf1 f5 28. Ke2 Bf8 29. Rd7 Rd8 30. Rxd8 Nexd8 31. exf5 gxf5 32. Nh4 Ne7 33. a5 Nd5 34. Bd2 f4 35. Kd3 Kf7 36. gxf4 exf4 37. Ke4 Ke6 38. Nd4+ 1-0

[Event "World Blitz 2023"]
[Site "Samarkand UZB"]
[Date "2023.12.30"]
[Round "17.3"]
[White "Fabiano Caruana"]
[Black "Daniil Dubov"]
[Result "0-1"]
[EventDate "2023.12.29"]
[WhiteElo "2815"]
[BlackElo "2763"]
[PlyCount "82"]

1. e4 e5 2. Nf3 Nc6 3. Bc4 Nf6 4. d3 Be7 5. O-O O-O 6. Re1 d6 7. a4 Be6 8. Bxe6 fxe6 9. c3 a5 10. Na3 h6 11. Qb3 Qd7 12. Nc4 b6 13. h3 Rad8 14. Be3 Kh8 15. Rad1 Qe8 16. Na3 Qd7 17. Nb5 Rf7 18. d4 Nxe4 19. Bxh6 d5 20. Bc1 Rdf8 21. dxe5 Qe8 22. Nxc7 Qc8 23. Nxe6 Rxf3 24. gxf3 Nxe5 25. Nxf8 Qxh3 26. Ng6+ Nxg6 27. Qxd5 Nh4 28. Qh5+ Kg8 29. Qxh4 Bxh4 30. fxe4 Qg4+ 31. Kf1 Qf3 32. Be3 Qh1+ 33. Ke2 Qxe4 34. Rd4 Qc2+ 35. Kf1 Bf6 36. Rd6 Qxb2 37. Rxb6 Qxc3 38. Re2 Qd3 39. Rb8+ Kh7 40. Rb5 Bc3 41. Rh5+ Kg8 0-1

[Event "World Blitz 2023"]
[Site "Samarkand UZB"]
[Date "2023.12.30"]
[Round "18.3"]
[White "Daniil Dubov"]
[Black "Volodar Murzin"]
[Result "1-0"]
[EventDate "2023.12.29"]
[WhiteElo "2763"]
[BlackElo "2591"]
[PlyCount "106"]

1. d4 d5 2. c4 c6 3. Nf3 Nf6 4. cxd5 cxd5 5. Nc3 Nc6 6. Bf4 Nh5 7. Bd2 Nf6 8. e3 e6 9. Bd3 Be7 10. O-O O-O 11. Rc1 Bd7 12. Ne5 Rc8 13. f4 Bb4 14. Qf3 Ne7 15. Qh3 Bxc3 16. Bxc3 Ne4 17. Bb4 Rxc1 18. Rxc1 f6 19. Nxd7 Qxd7 20. Bxe4 dxe4 21. d5 f5 22. dxe6 Qxe6 23. Qh5 Rc8 24. Rxc8+ Nxc8 25. Qd1 h6 26. Qd8+ Kh7 27. Bc3 Nb6 28. h3 Qd7 29. Qf8 Nc4 30. Bd4 a6 31. Kh2 a5 32. Qc5 Qf7 33. b3 Nd2 34. Qxa5 Nf1+ 35. Kg1 Ng3 36. Qe1 Qg6 37. Kh2 Nh5 38. a4 Qc6 39. Qe2 Nf6 40. Bxf6 Qxf6 41. Qb5 b6 42. b4 g5 43. a5 bxa5 44. bxa5 gxf4 45. exf4 e3 46. a6 Qd6 47. Qxf5+ Kg7 48. Qe4 Qxa6 49. Qe7+ Kg8 50. Qxe3 Qa4 51. f5 Qb5 52. Qe6+ Kh7 53. Qg6+ 1-0

[Event "World Blitz 2023"]
[Site "Samarkand UZB"]
[Date "2023.12.30"]
[Round "19.2"]
[White "Daniil Dubov"]
[Black "Yangyi Yu"]
[Result "1-0"]
[EventDate "2023.12.29"]
[WhiteElo "2763"]
[BlackElo "2762"]
[PlyCount "96"]

1. d4 d5 2. c4 c6 3. Nf3 Nf6 4. cxd5 cxd5 5. Nc3 Nc6 6. Bf4 Nh5 7. Bd2 Nf6 8. e3 e6 9. Bd3 Bd6 10. O-O O-O 11. Qe2 Bd7 12. Rfd1 h6 13. e4 dxe4 14. Nxe4 Nxe4 15. Qxe4 f5 16. Qe2 Qf6 17. Bc3 Qf7 18. Bc4 Ne7 19. Bb4 Bc7 20. d5 Nxd5 21. Bxf8 Rxf8 22. Ne5 Bxe5 23. Qxe5 Bc6 24. Re1 Re8 25. Rad1 Kh7 26. f3 a6 27. Bxd5 exd5 28. Qd4 Re7 29. Re5 Qf6 30. Rde1 Rf7 31. h4 Qg6 32. Re6 Qg3 33. Re7 f4 34. Qd3+ Kg8 35. Re8+ Rf8 36. Rxf8+ Kxf8 37. Qf5+ Kg8 38. Re7 d4 39. h5 Kh8 40. Qg6 Qxg6 41. hxg6 Kg8 42. Rc7 Kf8 43. Rf7+ Kg8 44. Rxf4 Be8 45. Rxd4 Bxg6 46. Rd7 Bf7 47. b3 b5 48. Ra7 1-0

[Event "World Blitz 2023"]
[Site "Samarkand UZB"]
[Date "2023.12.30"]
[Round "21.2"]
[White "Daniil Dubov"]
[Black "Dmitry Andreikin"]
[Result "1/2-1/2"]
[EventDate "2023.12.29"]
[WhiteElo "2710"]
[BlackElo "2729"]
[PlyCount "44"]

1. Nf3 Nf6 2. c4 e6 3. g3 b6 4. Bg2 Bb7 5. d4 Be7 6. O-O O-O 7. d5 exd5 8. Nd4 Nc6 9. cxd5 Nxd4 10. Qxd4 Bc5 11. Qd3 a5 12. Nc3 Re8 13. Bg5 h6 14. Bxf6 Qxf6 15. Ne4 Qe5 16. Rfd1 Ba6 17. Qc2 d6 18. e3 Bc8 19. Nc3 Bf5 20. Qe2 g6 21. Rac1 h5 22. h4 1/2-1/2

[Event "World Blitz 2023"]
[Site "Samarkand UZB"]
[Date "2023.12.29"]
[Round "7.4"]
[White "R Praggnanandhaa"]
[Black "Daniil Dubov"]
[Result "0-1"]
[EventDate "2023.12.29"]
[WhiteElo "2665"]
[BlackElo "2763"]
[PlyCount "76"]

1. e4 e5 2. Nf3 Nc6 3. Bc4 Nf6 4. d3 Be7 5. O-O O-O 6. Re1 d6 7. c3 Na5 8. Bb5 a6 9. Ba4 b5 10. Bc2 c5 11. Nbd2 Re8 12. Nf1 h6 13. Ng3 Bf8 14. h3 Nc6 15. d4 cxd4 16. cxd4 exd4 17. Nxd4 Ne5 18. Bf4 Bb7 19. Ndf5 Rc8 20. Bb3 a5 21. a4 b4 22. Qd4 Rc7 23. Rad1 Rd7 24. Kh1 Kh7 25. f3 g6 26. Ne3 Bg7 27. Qd2 Ba6 28. Bxe5 Rxe5 29. Nd5 Nxd5 30. Bxd5 Qh4 31. Ne2 Rc7 32. Nd4 Rg5 33. f4 Rg3 34. Nf3 Rxf3 35. gxf3 Qxh3+ 36. Kg1 Bd4+ 37. Qxd4 Qg3+ 38. Kh1 Rc2 0-1